Estadísticas para Ciudades Judías

Haz click aquí para intentar la prueba.

Estadísticas generales

  • Esta prueba ha sido intentada 992 veces
  • La puntuación promedio es 11 de 20

Estadísticas de respuestas

# de judíosCiudad% Correcto
687,000Jerusalén
94%
3,214,800Tel Aviv
86%
2,028,200Nueva York
81%
662,450Los Ángeles
72%
172,000Londres
70%
283,000París
69%
291,800Chicago
63%
228,000San Francisco
58%
261,100Boston
56%
535,000Miami
56%
100,000Moscú
55%
276,445Washington D.C.
53%
244,000Buenos Aires
50%
708,000Haifa
44%
200,000Toronto
41%
285,950Filadelfia
40%
199,000Atlanta
33%
89,000San Diego
33%
88,765Montreal
31%
381,900Beerseba
16%

Distribución de puntuación

Porcentaje por número respondido

Porcentaje de gente con cada puntuación

Historial de tus puntuaciones

No has intentado esta prueba.